Семантична структура полісемантичних слів (на прикладі термінів, що позначають родинні стосунки) (Запис № 282608)
[ простий вигляд ]
| 000 -LEADER | |
|---|---|
| fixed length control field | 01733nam a22001577a 4500 |
| 041 ## - LANGUAGE CODE | |
| Language code of text/sound track or separate title | ukr |
| 080 ## - UNIVERSAL DECIMAL CLASSIFICATION NUMBER | |
| Universal Decimal Classification number | 09 |
| 090 ## - LOCALLY ASSIGNED LC-TYPE CALL NUMBER (OCLC); LOCAL CALL NUMBER (OCLC) | |
| Local cutter number (OCLC) ; Book number/undivided call number, CALL (RLIN) | СЕВ |
| 100 ## - MAIN ENTRY--PERSONAL NAME | |
| Personal name | Севостьянова О. В. |
| 245 ## - TITLE STATEMENT | |
| Title | Семантична структура полісемантичних слів (на прикладі термінів, що позначають родинні стосунки) |
| 260 ## - PUBLICATION, DISTRIBUTION, ETC. (IMPRINT) | |
| Place of publication, distribution, etc | Острог |
| Name of publisher, distributor, etc | КАФ |
| Date of publication, distribution, etc | 2004 |
| 300 ## - PHYSICAL DESCRIPTION | |
| Extent | 41 |
| 520 ## - SUMMARY, ETC. | |
| Summary, etc | Розділ 1.Полісемія як лінгвістичне явище.<br/>1.1.Полісемія і її типи; типи значень полісемного слова.<br/>1.2.Діахронічний і синхронічний підходи до полісемії.<br/>1.3.Полісемія та контекст і ситуація.<br/>Розділ 2. Семантична структура полісемантичного слова.<br/>2.1.Підходи до визначення семантичної структури слова.<br/>2.2.Методи дослідження семантичної структури лексичних одиниць.<br/>Розділ 3.Семантична структура та сполучуваність термінів, що позначають сімейні стосунки.<br/>3.1.Семантична структура термінів, що позначають сімейні стосунки.<br/>3.2.Підходи до дослідження сполучуваності слів.<br/>3.3.Сполучуваність системи термінів, що позначають родинні стосунки. |
| -- | полісемія,семантична, сполучуваність,сімейні |
| 650 ## - SUBJECT ADDED ENTRY--TOPICAL TERM | |
| Topical term or geographic name as entry element | Research Papers |
| 942 ## - ADDED ENTRY ELEMENTS (KOHA) | |
| Koha item type | Книги |
| Withdrawn status | Lost status | Source of classification or shelving scheme | Damaged status | Not for loan | Home library | Current library | Date acquired | Source of acquisition | Coded location qualifier | Cost, normal purchase price | Total Checkouts | Full call number | Barcode | Date last seen | Price effective from | Koha item type |
|---|---|---|---|---|---|---|---|---|---|---|---|---|---|---|---|---|
| Universal Decimal Classification | ВІЛ - Відділ іноземн. літератури НБ | ВІЛ - Відділ іноземн. літератури НБ | 08/08/2005 | Акт | В12 | 1.00 | 09 | 210170 | 15/12/2021 | 16/12/2004 | Книги |